000 00255nam a2200109Ia 4500
008 190216s9999||||xx |||||||||||||| ||und||
100 _aBipin K Agarwal
245 0 _aStatistical Mechanics
260 _bWiley Eastern Ltd
650 _aPhysics
942 _cBK
999 _c33145
_d33145